Catálogo
 En Linea

Historia política de la zona roja / (Registro nro. 6592)

Detalles MARC
000 -CABECERA
campo de control de longitud fija 00739cam a2200217 a 4500
001 - NÚMERO DE CONTROL
campo de control 000006804
005 - FECHA Y HORA DE LA ÚLTIMA TRANSACCIÓN
campo de control 20200929154010.0
008 - DATOS DE LONGITUD FIJA--INFORMACIÓN GENERAL
campo de control de longitud fija 770708s1963 sp 000 0 spa d
040 ## - FUENTE DE LA CATALOGACIÓN
Centro catalogador/agencia de origen DO-SdBNP
Lengua de catalogación spa
Centro/agencia transcriptor BNPHU
082 ## - NÚMERO DE LA CLASIFICACIÓN DECIMAL DEWEY
Número de clasificación 946.081
Número de documento/Ítem S511h, 1963
100 1# - ENTRADA PRINCIPAL--NOMBRE DE PERSONA
Nombre de persona Sevilla Andres, Diego.
9 (RLIN) 18910
245 10 - MENCIÓN DE TÍTULO
Título Historia política de la zona roja /
Mención de responsabilidad, etc. Diego Sevilla Andres.
250 ## - MENCIÓN DE EDICIÓN
Mención de edición 2a ed.
260 ## - PUBLICACIÓN, DISTRIBUCIÓN, ETC.
Lugar de publicación, distribución, etc. Madrid :
Nombre del editor, distribuidor, etc. Rialp,
Fecha de publicación, distribución, etc. 1963.
300 ## - DESCRIPCIÓN FÍSICA
Extensión 537 p. ;
Dimensiones 21 cm.
490 1# - MENCIÓN DE SERIE
Mención de serie Libros de Periodismo Rialp :
490 1# - MENCIÓN DE SERIE
Mención de serie Grandes Reportajes,
Designación de volumen o secuencia 5
651 #4 - PUNTO DE ACCESO ADICIONAL DE MATERIA--NOMBRE GEOGRÁFICO
Nombre geográfico España
Subdivisión general Política Y Gobierno
Subdivisión cronológica 1931-1939.
9 (RLIN) 18898
651 #4 - PUNTO DE ACCESO ADICIONAL DE MATERIA--NOMBRE GEOGRÁFICO
Nombre geográfico España
Subdivisión general Historia
Subdivisión cronológica GUERRA CIVIL, 1936-1939
9 (RLIN) 3531
830 #0 - PUNTO DE ACCESO ADICIONAL DE SERIE-TÍTULO UNIFORME
Título uniforme Libros de Periodismo Rialp :
Nombre de parte o sección de la obra Grandes Reportajes,
Designación de volumen o secuencia 5
9 (RLIN) 18911
Existencias
Estado de retiro Estado de pérdida Restricciones de uso No para préstamo Código de colección Localización permanente Ubicación/localización actual Ubicación en estantería Fecha de adquisición Número de inventario Total de préstamos Signatura topográfica completa Código de barras Fecha visto por última vez Precio válido a partir de Tipo de ítem Koha
    Préstamo interno   Monografías: Libros y Folletos General General En catalogación 02.09.2009 LF1   946.081 S511h, 1963 6804-10 25.06.2020 25.06.2020 Préstamo interno

Con tecnología Koha